Statistics for Ratchet and Clank Trilogy Weapons (Video Game)

Click here to take the quiz!

General Stats

  • This quiz has been taken 177 times
  • The average score is 21 of 62

Answer Stats

HintWeapon% Correct
Ultimate WeaponR.Y.N.O.
75%
Starting WeaponBomb Glove
69%
Starting WeaponBomb Glove
69%
Pew PewBlaster
67%
Ultimate WeaponRYNO II
61%
Flame ThrowerPyrocitor
59%
It Sucks and BlowsSuck Cannon
59%
It Sucks and BlowsSuck Cannon
59%
ElectricityTesla Claw
53%
ElectricityTesla Claw
53%
Volcano MakesLava Gun
51%
Volcano MakesLava Gun
51%
MinesMine Glove
51%
Ratchet and Clank 3-
50%
Ratchet and Clank 2-
50%
Ratchet and Clank 1-
50%
Robot FriendsGlove of Doom
47%
MissilesPX6 Devastator
47%
DistractionDecoy Glove
46%
DistractionDecoy Glove
46%
WhipPlasma Whip
43%
ControllableVisibomb Gun
42%
BaaSheepinator
38%
Robot PalsAgents of Doom
37%
Pew Pew PewLancer
34%
ShotgunBlitz Gun
33%
Spray BombBouncer
33%
Spray BombBouncer
33%
So Clucking AwesomeMorph-O-Ray
33%
So AnnoyingTaunter
33%
PunchWalloper
33%
PunchWalloper
33%
PlasmaPlasma Coil
32%
PlasmaPlasma Coil
32%
TurretsMiniturret Glove
31%
TurretsMiniturret Glove
31%
Too Much PowerZodiac
30%
Sidekick HelpClank Zapper
28%
Flying DiscsChopper
25%
Ultimate WeaponRY3NO
24%
VirusInfector
23%
Hide andSeeker Gun
23%
Small RocketsMinirocket Tube
20%
Arachnid RobotsSpiderbot Glove
20%
SniperFlux Rifle
19%
Grenade LauncherGravity Bomb
19%
PEW PEW PEW PEWN60 Storm
15%
SniperPulse Rifle
14%
Humanoid RobotsSynthenoid
14%
Black HoleRift Inducer
13%
ShieldShield Charger
13%
DefenseShield Charger
13%
DefenseDrone Device
12%
ShotgunShock Blaster
12%
RocketsAnnihilator
11%
MinesHoverbomb Gun
10%
Flying DiscsDisc Blade Gun
9%
BarrierHoloshield Glove
9%
Grenade LauncherNitro Launcher
8%
LightningSpitting Hydra
7%
DuckQwack-O-Ray
6%
ControllableVisibomb gun
4%

Score Distribution

Percentile by Number Answered

Percent of People with Each Score

Your Score History

You have not taken this quiz